Le Japan et la France d'aujourd'hui
Uloženo v:
| Korporativní autor: | |
|---|---|
| Médium: | Kniha |
| Jazyk: | Undetermined |
| Vydáno: |
Paris
Office Franco-Japonais d'Études Économiques
1980
|
| Témata: | |
| Tagy: |
Přidat tag
Žádné tagy, Buďte první, kdo otaguje tento záznam!
|
| Thư viện lưu trữ: | Trung tâm Học liệu Trường Đại học Cần Thơ |
|---|
| LEADER | 00635nam a2200193Ia 4500 | ||
|---|---|---|---|
| 001 | CTU_98047 | ||
| 008 | 210402s9999 xx 000 0 und d | ||
| 082 | |a 337.4 | ||
| 082 | |b O.32 | ||
| 110 | |a Office Franco-Japonais d'Études Économiques | ||
| 245 | 0 | |a Le Japan et la France d'aujourd'hui | |
| 245 | 0 | |c Office Franco-Japonais d'Études Économiques | |
| 260 | |a Paris | ||
| 260 | |b Office Franco-Japonais d'Études Économiques | ||
| 260 | |c 1980 | ||
| 650 | |a Foreign economic relations,Foreign economic relations | ||
| 650 | |z Japan,France | ||
| 904 | |i Giang | ||
| 980 | |a Trung tâm Học liệu Trường Đại học Cần Thơ | ||